Marti, antimperialista /
Guardado en:
| Autor Principal: | |
|---|---|
| Formato: | Libro |
| Publicado: |
Buenos Aires :
Hemisferio,
1962
|
| Edición: | 2da. ed. |
| Materias: | |
| Etiquetas: |
Agregar Etiqueta
Sin Etiquetas, Sea el primero en etiquetar este registro!
|
| LEADER | 00567nam a22001935a 4500 | ||
|---|---|---|---|
| 001 | EHU.bham024279 | ||
| 003 | AR-BHAM | ||
| 005 | 20090608143733.0 | ||
| 008 | 130507s1962##################000#0#####d | ||
| 082 | 9 | 7 | |a 972.91 |
| 100 | 1 | |a Roig De Leuchsenring, Emilio | |
| 245 | 1 | 0 | |a Marti, antimperialista / |c Emilio Roig De Leuchsenring |
| 250 | |a 2da. ed. | ||
| 260 | |a Buenos Aires : |b Hemisferio, |c 1962 | ||
| 300 | |a 138 p. | ||
| 653 | |a Donacion lejarraga | ||
| 653 | |a Historia de cuba | ||
| 653 | |a Imperialismo | ||
| 859 | |a AR-BHAM |b BIB. HUMANIDADES - General |h 972.91 |i R637 |p 30.02 |t Ej.1 | ||
